Income, wealth, and the maximum principle

Bibliographic Details
Main Author: Weitzman, Martin L., 1942-
Corporate Author: ProQuest (Firm)
Format: Electronic eBook
Language:English
Published: Cambridge, Mass. : Harvard University Press, 2003.
Subjects:
Online Access:Click to View
LEADER 01447nam a22003734a 4500
001 EBC3300664
003 MiAaPQ
005 20200520144314.0
006 m o d |
007 cr cn|||||||||
008 021227s2003 maua sb 001 0 eng
020 |z 0674010442 (alk. paper) 
035 |a (MiAaPQ)EBC3300664 
035 |a (Au-PeEL)EBL3300664 
035 |a (CaPaEBR)ebr10328842 
035 |a (OCoLC)923112720 
040 |a MiAaPQ  |c MiAaPQ  |d MiAaPQ 
050 4 |a HB143.7  |b .W45 2003 
082 0 4 |a 330/.01/5193  |2 21 
100 1 |a Weitzman, Martin L.,  |d 1942- 
245 1 0 |a Income, wealth, and the maximum principle  |h [electronic resource] /  |c Martin L. Weitzman. 
260 |a Cambridge, Mass. :  |b Harvard University Press,  |c 2003. 
300 |a viii, 341 p. :  |b ill. 
504 |a Includes bibliographical references (p. 329-335) and index. 
533 |a Electronic reproduction. Ann Arbor, MI : ProQuest, 2015. Available via World Wide Web. Access may be limited to ProQuest affiliated libraries. 
650 0 |a Economics  |x Mathematical models. 
650 0 |a Mathematical optimization. 
650 0 |a Maximum principles (Mathematics) 
650 0 |a National income  |x Accounting. 
650 0 |a Wealth  |x Mathematical models. 
650 0 |a Economic development  |x Mathematical models. 
655 4 |a Electronic books. 
710 2 |a ProQuest (Firm) 
856 4 0 |u https://ebookcentral.proquest.com/lib/matrademy/detail.action?docID=3300664  |z Click to View